Veľkosť tukových buniek v rastúcich svaloch husí

Bibliographic Details
Main Authors: Kulíšková, Ľubica (Author), Kulíšek, V. (Author), Grom, Anton, 1929-1980 (Author)
Format: Article
Language:Slovak
PhysicalDescription:Obr. 6. Tb. 3. Res. rus., angl.
Subjects:

MARC

LEADER 00000nab a2200000 a 4500
001 vtls000107171
003 SK-MaSNL
005 20260304002225.0
008 111031c1981 xo 0 slo
015 |a SNBRA19rr/mm-uuuuu 
035 |a CL0117274 
040 |a SNKBUCL  |b slo  |c SNKBUCL  |e AACR2 
041 0 |a slo 
044 |a xo  |c SK 
080 |a 636.5  |2 1981 
080 |a 591.4  |2 1981 
080 |a 591.8  |2 1981 
100 1 |a Kulíšková, Ľubica  |4 aut  |9 514360 
245 1 0 |a Veľkosť tukových buniek v rastúcich svaloch husí  |c Ľ Kulíšková, V. Kulíšek, A. Grom 
300 |b Obr. 6. Tb. 3. Res. rus., angl. 
650 0 7 |a husi  |2 snkbucl  |9 2825 
650 0 7 |a svaly  |2 snkbucl  |9 19994 
650 0 7 |a tukové bunky  |2 snkbucl  |9 158585 
655 7 |a články zo zborníkov  |2 snkbucl  |9 166140 
700 1 |a Kulíšek, V.  |4 aut  |9 815340 
700 1 |a Grom, Anton,  |d 1929-1980  |4 aut  |9 89980 
773 0 |t Hydinárstvo 19  |d Bratislava : Príroda, 1981  |g S. 59-68 
850 |a Slovenská národná knižnica v Martine  |a MTA001 
852 |a SNK  |b KIS3GCP 
958 |a RK 
992 |a RZB 
999 |c 2540647  |d 2542577